00713 2200253 4500001002100000005001700021008004100038035002400079082001100103090001800114100002000132245009800152250001100250260002200261300002600283500003100309650003400340700001900374850001500393980001500408985000600423999001500429999001500444YOGYA-0209000002267820090227023710.0 ind  0010-020900000022678 a307.72 a307.72bCom M aCOMBS, Philip H aMemerangi kemiskinan dipedesaan melalui pendidikan non-formalcPhilip H. Combs, Manzoor Ahmed aCet. 1 aJakartabRajawali axviii, 491 hlmc21 cm aBibliografi : hlm. 475-484 aMasyarakat desa, Pengembangan aAhmed, Manzoor aYOPDYOG(B) a01-24-2007 a2 a06A0013997 a06A0013998